000 00476nam a2200145Ia 4500
008 220216s9999 xx 000 0 und d
100 _aWong N P
245 0 _aLatex custom compounding and integration of natural rubber production with manufacture
260 _bProceedings of the International Rubber Conference, Kuala Lumpur. V.4, 1975; p310-320
650 _aNR production Latex compounding
700 _aLow E H
700 _aNg K P
700 _aOng C O
942 _cJS
999 _c62002
_d62002